Расчет скоростей газовых потоков в сечениях эжекторных устройств для распыления расплава. Приложение "ejfluent V2.0"; Информационные технологии в науке, управлении, социальной сфере и медицине; Ч. 1
| Parent link: | Информационные технологии в науке, управлении, социальной сфере и медицине: сборник научных трудов III Международной научной конференции, 23-26 мая 2016 г., Томск.— , 2016 Ч. 1.— 2016.— [С. 51-53] |
|---|---|
| Huvudupphovsman: | |
| Institutionell upphovsman: | |
| Övriga upphovsmän: | |
| Sammanfattning: | Заглавие с титульного экрана The article is devoted to aspects of the computer software development for calculation the gas flow velocity in the sections of fiber-forming ejecting devices regarding to their geometrical and operational parameters. |
| Språk: | ryska |
| Publicerad: |
2016
|
| Serie: | Моделирование в научных исследованиях |
| Ämnen: | |
| Länkar: | http://earchive.tpu.ru/handle/11683/31360 |
| Materialtyp: | MixedMaterials Elektronisk Bokavsnitt |
| KOHA link: | https://koha.lib.tpu.ru/cgi-bin/koha/opac-detail.pl?biblionumber=619300 |
MARC
| LEADER | 00000naa2a2200000 4500 | ||
|---|---|---|---|
| 001 | 619300 | ||
| 005 | 20240405064733.0 | ||
| 035 | |a (RuTPU)RU\TPU\conf\17717 | ||
| 035 | |a RU\TPU\conf\17713 | ||
| 090 | |a 619300 | ||
| 100 | |a 20160817d2016 k y0rusy50 ca | ||
| 101 | 0 | |a rus | |
| 102 | |a RU | ||
| 105 | |a y z 101zy | ||
| 135 | |a drgn ---uucaa | ||
| 181 | 0 | |a i | |
| 182 | 0 | |a b | |
| 200 | 1 | |a Расчет скоростей газовых потоков в сечениях эжекторных устройств для распыления расплава. Приложение "ejfluent V2.0" |d Calculation the gas flow velocity in the sections of ejecting melt-blowing devices. Application "ejfluent V2.0" |f И. А. Лысак, Г.В. Лысак | |
| 203 | |a Текст |c электронный | ||
| 225 | 1 | |a Моделирование в научных исследованиях | |
| 300 | |a Заглавие с титульного экрана | ||
| 320 | |a [Библиогр.: с. 53 (6 назв.)] | ||
| 330 | |a The article is devoted to aspects of the computer software development for calculation the gas flow velocity in the sections of fiber-forming ejecting devices regarding to their geometrical and operational parameters. | ||
| 461 | 1 | |0 (RuTPU)RU\TPU\conf\17281 |t Информационные технологии в науке, управлении, социальной сфере и медицине |o сборник научных трудов III Международной научной конференции, 23-26 мая 2016 г., Томск |o в 2 ч. |d 2016 | |
| 463 | 1 | |0 (RuTPU)RU\TPU\conf\17283 |t Ч. 1 |f Национальный исследовательский Томский политехнический университет (ТПУ) ; ред. кол. О. Г. Берестнева ; О. М. Гергет ; Т. А. Гладкова |v [С. 51-53] |d 2016 | |
| 510 | 1 | |a Calculation the gas flow velocity in the sections of ejecting melt-blowing devices. Application "ejfluent V2.0" |z eng | |
| 610 | 1 | |a труды учёных ТПУ | |
| 610 | 1 | |a электронные ресурсы | |
| 610 | 1 | |a газодинамические исследования | |
| 610 | 1 | |a нетканые материалы | |
| 610 | 1 | |a производство | |
| 610 | 1 | |a эжекторы | |
| 610 | 1 | |a звукоизоляционные материалы | |
| 700 | 1 | |a Лысак |b И. А. |c специалист в области автоматизации и робототехники |c доцент Томского политехнического университета, кандидат технических наук |f 1977- |g Илья Александрович |y Томск |3 (RuTPU)RU\TPU\pers\31784 |9 15895 | |
| 701 | 1 | |a Лысак |b Г.В. | |
| 712 | 0 | 2 | |a Национальный исследовательский Томский политехнический университет (ТПУ) |b Институт кибернетики (ИК) |b Кафедра инженерной графики и промышленного дизайна (ИГПД) |3 (RuTPU)RU\TPU\col\18737 |
| 801 | 2 | |a RU |b 63413507 |c 20160912 |g RCR | |
| 856 | 4 | |u http://earchive.tpu.ru/handle/11683/31360 | |
| 942 | |c BK | ||